Comparative study on divorce laws under the law reform (marriage and divorce Act 1976) and Islamic family law : transition from divorce based on fault to non-fault ground /
Saved in:
| Main Author: | |
|---|---|
| Format: | Thesis Book |
| Language: | English |
| Published: |
2006.
|
| Subjects: | |
| Online Access: | http://studentsrepo.um.edu.my/id/eprint/9475. |
| Tags: |
Add Tag
No Tags, Be the first to tag this record!
|
| LEADER | 01212cam a2200301 i 4500 | ||
|---|---|---|---|
| 001 | u745523 | ||
| 003 | SIRSI | ||
| 008 | 070917s2006 my t 00 10 eng m | ||
| 005 | 20070917 | ||
| 040 | |a UMU |e rda | ||
| 043 | |a a-my--- | ||
| 092 | |a K668 |b Nao | ||
| 100 | 1 | |a Kuwahara, Naoko, |e author | |
| 245 | 1 | 0 | |a Comparative study on divorce laws under the law reform (marriage and divorce Act 1976) and Islamic family law : |b transition from divorce based on fault to non-fault ground / |c Naoko Kuwahara. |
| 260 | |c 2006. | ||
| 300 | |a xxi, 118 leaves ; |c 30 cm. | ||
| 500 | |a Photocopy. | ||
| 500 | |a PUUR. | ||
| 502 | |a Dissertation (LLM) -- Fakulti Undang-Undang, Universiti Malaya, 2007. | ||
| 650 | 0 | |a Divorce |x Law and legislation |z Malaysia. | |
| 650 | 0 | |a Marriage law |z Malaysia. | |
| 650 | 0 | |a Family law (Islamic law) | |
| 856 | 4 | 1 | |u http://studentsrepo.um.edu.my/id/eprint/9475. |
| 900 | |a HF | ||
| 596 | |a 4 | ||
| 999 | |a K668 NAO |w LACLL |c 1 |i A513081695 |d 1/4/2019 |e 1/4/2019 |l RESTRICTED |m P04UNDANG |n 3 |q 1 |r N |s Y |t TESIS |u 5/10/2007 |1 STEM | ||
| 999 | |a K668 NAO |w LACLL |c 1 |i A513081668 |l K-ARKIB |m P04UNDANG |r N |s Y |t TESIS |u 5/10/2007 | ||
| 999 | |a K668 NAO |w LACLL |c 2 |i A513081631 |l K-ARKIB |m P04UNDANG |r N |s Y |t TESIS |u 5/10/2007 | ||
